| 000 | 00562nam a2200193 i 4500 | ||
|---|---|---|---|
| 001 | 56008 | ||
| 003 | ES-MaACL | ||
| 005 | 20230906163251.0 | ||
| 007 | t| | ||
| 008 | 031001s1978 sp ||||1| spa d | ||
| 100 | 1 |
_aDíaz Moreno, José María. _944363 |
|
| 245 | 1 | 0 |
_aAnte el problema del divorcio / _cJosé M. Díaz Moreno. |
| 260 |
_a[Madrid : _bEditorial Católica, _c1978] |
||
| 300 |
_a29 p. ; _c19 cm. |
||
| 490 | 1 |
_aCuadernos BAC ; _v2 |
|
| 830 | 0 |
_aCuadernos BAC ; _v2 _9182568 |
|
| 852 |
_aES-MaACL _j2097-F-12 _bR.97555 |
||
| 999 |
_c56008 _d56008 |
||